Trilogía de la libertad. Petra regalada. La vieja señorita del paraíso. El cementerio de los pájaros
Saved in:
| Hovedforfatter: | |
|---|---|
| Format: | Bog |
| Sprog: | spansk |
| Udgivet: |
Madrid
Espasa Calpe
1983
|
| Fag: | |
| Tags: |
Tilføj Tag
Ingen Tags, Vær først til at tagge denne postø!
|
MARC
| LEADER | 00000nam a2200000 a 4500 | ||
|---|---|---|---|
| 001 | UCQ8011 | ||
| 003 | CL-VaPUC | ||
| 008 | 981127e19830000SP |||||||||||||||||spa|d | ||
| 082 | 0 | 4 | |a 862 |b GAL |2 21 |
| 100 | |a Gala, Antonio |e author |9 529442 | ||
| 245 | 1 | 0 | |a Trilogía de la libertad. Petra regalada. La vieja señorita del paraíso. El cementerio de los pájaros |
| 300 | |a 310 p | ||
| 942 | |c BK | ||
| 945 | |d 19981127 00:00:00 |a crobeson | ||
| 260 | |a Madrid |b Espasa Calpe |c 1983 | ||
| 650 | 0 | |a Dramas españoles |9 267081 | |
| 650 | 0 | |a Literatura española |9 306261 | |
| 583 | |a last modification |c 19981127 00:00:00 |k Rodrigo Vera | ||
| 999 | |c 277383 |d 277381 | ||
| 952 | |0 0 |1 0 |4 0 |6 862_000000000000000_GAL_1983 |7 0 |8 A |9 315284 |a FDOPOS |b FDOPOS |d 2019-11-20 |i 1496042 |o 862 GAL 1983 |p 1496042 |r 2025-01-22 |w 2019-11-20 |y BK |k MLH | ||